Les acteurs de Plus belle la vie (rôles secondaires) - Statistiques

Statistiques générales
  • Ce quiz a été pris 18 fois
  • Le résultat moyen est 32 sur 94
Statistiques - réponses
Hint Extra Hint Réponse % Correct
Sabrina Gocelin 7 saisons Eléonore Sarrazin
83%
Estelle Cantorel 16 saisons Elodie Varlet
83%
Victoire Lissajoux 9 saisons Flavie Péan
83%
Sacha Malkavian 12 saisons Avy Marciano
75%
Djawad Sangha 11 saisons David Baiot
75%
Samia Nassri 18 saisons Fabienne Carat
75%
Jean-Paul Boher 15 saisons Stéphane Hérion
75%
César Cordonnier 8 saisons Grant Lawrens
67%
Franck Ruiz 12 saisons Jean-Charles Chagachbanian
67%
Ariane Hersant 6 saisons Lola Marois
67%
Abdel Fedala 14 saisons Marwan Berreni
67%
Wanda Legendre 10 saisons Pascale Roberts
67%
Emma Rimez 8 saisons Pauline Bression
67%
Coralie Blain 8 saisons Sara Mortensen
67%
Léa François 14 saisons Barbara Evenot
58%
Eve Tressere 2 saisons Charlie Nune
58%
Sybille Cassagne 7 saisons Coline d'Inca
58%
Jean-François Leroux 11 saisons Jean-François Malet
58%
Théo Bommel 5 saisons Jules Fabre
58%
Bilal Bailly 2 saisons Kjel Bennett
58%
Sara Douala 4 saisons Nadède Beausson-Diagne
58%
Mouss Bongor 4 saisons Boubacar Kabo
50%
Emilie Leroux 3 saisons Charlie Joirkin
50%
Patrick Nebout 2 saisons Frank Sémonin
50%
Gabriel Riva 12 saisons Joakim Latzko
50%
Romain Vidal 2 saisons Simon Ehrlacher
50%
Kévin Belesta 8 saisons Théo Bertrand
50%
Kilien Corcel 2 saisons Tim Rousseau
50%
Jean-Baptiste Gauthier 3 saisons Amalric Gérard
42%
Baptiste Marci 9 saisons Bryan Trésor
42%
Yolande Sandré 8 saisons Elisabeth Commelin
42%
Francesco Ibaldi 8 saisons Emanuele Giorgi
42%
Seta Malkavian 9 saisons Gladys Cohen
42%
Babeth Nebout 11 saisons Marie Réache
42%
Margaux Lieber 4 saisons Alicia Hava
33%
Anémone Vitreuil 12 saisons Anne Canovas
33%
Raphaël Cassagne 5 saisons Audric Chapus
33%
Nicolas Berger 4 saisons Bruce Tessore
33%
Laetitia Belesta 8 saisons Caroline Riou
33%
Wendy Lesage 5 saisons Céline Vitcoq
33%
Clément Bommel 4 saisons David Marchal
33%
Nisma Bailly 3 saisons Ella Philippe
33%
Xavier Revel 8 saisons Grégory Questel
33%
Patrick Nebout 10 saisons Jérôme Bertin
33%
Andrès Galeano 3 saisons Laurent Hennequin
33%
Valentin Nebouf 4 saisons Louis Duneton
33%
Benoît Cassagne 11 saisons Ludovic Baude
33%
Mila Valle 4 saisons Malika Alaoui
33%
Léa Leroux 7 saisons Marie Hennerez
33%
Alison Valle 7 saisons Myra Tyliann
33%
Jeanne Carmin 11 saisons Stéphanie Pareja
33%
Coralie Blain 4 saisons Coralie Audret
25%
Caroline Fava 15 saisons Diane Robert
25%
Noé Ruiz enfant 8 saisons Eliot De Faria
25%
Clara/Antoine Bommel 4 saisons Enola Righi
25%
Prudence Leroy 2 saisons Fanny Lorène
25%
Betty Solano 1 saison Horya Benabet
25%
Nirina Tsiranana 3 saisons Linda Bouhenni
25%
Thérèse Marci 5 saisons Manon Bresch
25%
Tom Gassin 3 saisons Sam Chemoul
25%
Sunalee Castel 1 saison Alixe Guidon
17%
Claire Richet 5 saisons Annie Grégorio
17%
Sonia Escudier 3 saisons Blandine Bellavoir
17%
Claude Rochat 10 saisons Charles Schneider
17%
Adriana Paoletti 6 saisons Charlotte Boimare
17%
Delphine Bommel 4 saisons Delphine Rollin
17%
Noé Ruiz adolescent 3 saisons Florian Lesieur
17%
Florian Estève 6 saisons Franck Borde
17%
Jonas Malkavian 6 saisons Geoffrey Piet
17%
Fabien Rinato 5 saisons Julien Bravo
17%
Eugénie Grangé 8 saisons Lara Menini
17%
Alix Provin 3 saisons Lubna Gourion
17%
Zoé Prieur 14 saisons Marie Drion
17%
Eric Norman 5 saisons Régis Maynard
17%
Stéphane Prieur 9 saisons Stéphane Bierry
17%
Thérèse Marci 2 saisons Tia Diagne
17%
Agathe Robin 16 saisons Valérie Baurens
17%
Agnès Revel 3 saisons Virgine Ledieu
17%
Elise Carmin 4 saisons Zara Prassinot
17%
Elisa Bailly 12 saisons Caroline Bourg
8%
Véra Madigan 7 saisons Cécile Auclert
8%
Léa Leroux 2 saisons Charlotte Deysine
8%
Boris Arlan 5 saisons Hervé Baladi
8%
Jean-Marie Galey 8 saisons Jocelyn Sandré
8%
Maxime Robin 3 saisons Julien Oliveri
8%
Emile Leroux 4 saisons Laurie Bordesoules
8%
Camille Rimez 2 saisons Lisa Cipriani
8%
Anne Olivieri 4 saisons Marie Daguerre
8%
Sophie Corcel 2 saisons Marine Danaux
8%
Julio Sécoti 3 saisons Samuel Charle
8%
Constance Dorléac 2 saisons Valentine Allan
8%
Claire Mougin . saisons Vanessa Valence
8%
Carole Leconte 3 saisons Lani Sogoyou
0%
Jérôme Belesta 7 saisons Laurent Orry
0%
Aucun quiz correspondant
Distribution des résultats
% des personnes avec chaque résultat
Percentile par nombre de réponses
Votre historique - résultats
Vous n’avez pas pris ce quiz